000 00381nam a22001697a 4500
999 _c11280
_d11280
003 OSt
008 220609b ||||| |||| 00| 0 eng d
020 _a9789332555570
082 _a004.165 FUA
100 _aFURBER, Steve
245 _aARM System-on-Chip Architecture
250 _a1st
260 _aNoida
_bPearson
_c2016
300 _a365
650 _aCSE
942 _2ddc
_cBK